|
|
|
|
| LEADER |
00000nab a2200000 a 4500 |
| 001 |
vtls000519841 |
| 003 |
SK-MaSNL |
| 005 |
20260304090219.0 |
| 008 |
250425c1994 xo 0 slo |
| 015 |
|
|
|a SNBRB19rr/mm-uuuuu
|
| 035 |
|
|
|a CL0519979
|
| 035 |
|
|
|a urn:nbn:sk:snk-ab6pqw
|
| 035 |
|
|
|a (uuid)5fe0a428-a73e-4fc2-9447-f4c9fe22c7d1
|
| 035 |
|
|
|a (urnnbn)urn:nbn:sk:snk:ar-005r2i
|
| 035 |
|
|
|a (sysno)vtls000519841
|
| 040 |
|
|
|a SNKBUCL
|b slo
|c SNKBUCL
|e AACR2
|
| 041 |
0 |
|
|a slo
|
| 044 |
|
|
|a xo
|c SK
|
| 080 |
|
|
|a 621.791:061.62(437.6):061.43
|2 1981
|
| 100 |
1 |
|
|a Jajcay, Alojz,
|d 1939-
|4 aut
|9 222089
|
| 245 |
1 |
0 |
|a VÚZ a výstavy - od EXPO '58, cez WELDING po WELDTECH '93
|c Alojz Jajcay
|
| 300 |
|
|
|b Obr. 3
|
| 500 |
|
|
|a Na dok. chybne ISSN
|
| 610 |
2 |
7 |
|a Výskumný ústav zváračský (Bratislava, Slovensko)
|2 snkbucl
|9 32791
|
| 650 |
0 |
7 |
|a zváranie
|2 snkbucl
|9 1839
|
| 655 |
|
7 |
|a články z novín a časopisov
|2 snkbucl
|9 267496
|
| 773 |
0 |
|
|t Zváranie
|g Roč. 43, č. 5 (1994), s. 140-142
|x 0044-5525
|
| 850 |
|
|
|a Slovenská národná knižnica
|
| 852 |
|
|
|a Slovenská národná knižnica
|
| 954 |
|
|
|a odborná, vedecká literatúra pôvodná (slovenská)
|2 lita
|
| 957 |
|
|
|a 5100
|
| 958 |
|
|
|a article
|
| 958 |
|
|
|a OND
|
| 958 |
|
|
|a RK
|
| 958 |
|
|
|a EUIPO
|
| 992 |
|
|
|a RBX
|
| 999 |
|
|
|c 2810728
|d 2812658
|